000 00663nam a2200217Ia 4500
003 IN-BaIIA
008 211028s9999 xx 000 0 eng d
020 _a0-231-06492-6
040 _cIIA Library
080 _a523.47
_bBUR
100 _aBurgess, E.
_916294
245 0 _aUranus and Neptune
_bthe distant giants
_cBurgess, E
260 _aNew York
_bColumbia University Press
_c1988
300 _axii,188p.
650 _aAstronomy and astrophysics thesaurus
650 _aPlanet Neptune
_916188
650 _aPlanet Uranus
_916295
650 _aPlanetary system
_9756
650 _aSolar system
942 _cBK
999 _c9658
_d9658